[Event "CCT Play-in Chessable Masters 2024"]
[Site "Online"]
[Date "2024.01.31"]
[Round "1"]
[White "MashaPutina"]
[Black "Frolyanov, Dmitry"]
[Result "1-0"]
[WhiteElo "2647"]
[BlackElo "2495"]
[Annotator "RC"]
[PlyCount "97"]
[EventDate "2024.01.26"]
[EventType "swiss"]
[EventCountry "NET"]
[SourceTitle "playchess.com"]
[Source "ChessBase"]
[SourceQuality "1"]

1. d4 d5 2. c4 e6 3. Nf3 Nf6 4. Nc3 dxc4 5. e4 Bb4 6. Bxc4 Nxe4 7. O-O Nf6 8. Qa4+ Nc6 9. Ne5 Rb8 10. Nxc6 bxc6 11. Qxa7 Bd7 12. Qa4 Bd6 13. Qc2 O-O 14. Rd1 Qe7 15. h3 h6 16. a4 c5 17. Be3 cxd4 18. Bxd4 e5 19. Be3 e4 20. Bd4 e3 21. fxe3 Nh5 22. Qg6 Qh4 23. Rf1 Qg3 24. Bxf7+ Rxf7 25. Qxf7+ Kh8 26. Rf3 Qh2+ 27. Kf2 Rxb2+ 28. Ne2 Bg3+ 29. Rxg3 Qxg3+ 30. Kf1 Rxe2 31. Kxe2 Qxg2+ 32. Kd3 Qxh3 33. Rg1 Bg4 34. Kc3 c5 35. Qf8+ Kh7 36. Qxc5 Ng3 37. Kb4 Nf5 38. Qe5 Qf3 39. a5 h5 40. a6 Qf2 41. Rxg4 hxg4 42. a7 Nxd4 43. Qe4+ Kh6 44. a8=Q Qb2+ 45. Kc4 Qb5+ 46. Kxd4 Qb4+ 47. Ke5 Qe7+ 48. Kf4 Qd6+ 49. Kxg4 1-0

[Event "CCT Play-in Chessable Masters 2024"]
[Site "Online"]
[Date "2024.01.31"]
[Round "1"]
[White "Fressinet, Laurent"]
[Black "js20000"]
[Result "1/2-1/2"]
[WhiteElo "2637"]
[BlackElo "2486"]
[Annotator "NA"]
[PlyCount "172"]
[EventDate "2024.01.26"]
[EventType "swiss"]
[EventCountry "NET"]
[SourceTitle "playchess.com"]
[Source "ChessBase"]
[SourceQuality "1"]

1. d4 d5 2. Nf3 Nf6 3. c4 e6 4. Nc3 Nbd7 5. Bg5 h6 6. Bh4 dxc4 7. e3 Nb6 8. Bxc4 Nxc4 9. Qa4+ c6 10. Qxc4 Be7 11. O-O O-O 12. Ne5 Nd5 13. Bxe7 Qxe7 14. Rac1 Bd7 15. Ne4 Rfd8 16. Qc5 Be8 17. a3 f6 18. Qxe7 Nxe7 19. Nc4 Rab8 20. b4 Bg6 21. Nc5 Kf7 22. Rfd1 b6 23. Nb3 Rbc8 24. f3 Rc7 25. Rd2 Rcd7 26. Kf2 Nf5 27. Rcd1 h5 28. e4 Nd6 29. Nxd6+ Rxd6 30. Ke3 Ke7 31. Nc1 Bf7 32. Ne2 Ra8 33. Rc1 a5 34. Rdc2 axb4 35. axb4 Be8 36. Nc3 Rad8 37. Rd2 e5 38. Ne2 Ra8 39. Rc3 Ra4 40. Rb2 Bd7 41. dxe5 fxe5 42. h4 Kf6 43. Nc1 Bc8 44. Rd2 Rxd2 45. Rxc6+ Be6 46. Kxd2 Rxb4 47. Nd3 Rb1 48. f4 Ke7 49. Nxe5 Rg1 50. Rxb6 Rxg2+ 51. Ke3 Rg3+ 52. Kd4 Ra3 53. Ng6+ Kf7 54. f5 Ba2 55. Rb8 Ra4+ 56. Ke3 Kf6 57. Kf4 Bf7 58. Ne5 Bd5 59. Rb6+ Ke7 60. Ng6+ Kf7 61. Rb8 Rxe4+ 62. Kg5 Re8 63. Rxe8 Kxe8 64. Kxh5 Kf7 65. Kg5 Ba2 66. Nf4 Bb1 67. Ne6 Bc2 68. h5 Bb1 69. Nd4 Bd3 70. Nf3 Bb1 71. Ne5+ Kg8 72. Kg6 Ba2 73. Ng4 Bf7+ 74. Kg5 Kh7 75. Ne3 Ba2 76. Nc2 Bb1 77. Nd4 Bd3 78. Ne6 Bb1 79. Nf4 Bc2 80. Nd5 Bb1 81. Ne3 Bd3 82. Ng4 Bb1 83. f6 gxf6+ 84. Nxf6+ Kg7 85. h6+ Kf7 86. h7 Bxh7 1/2-1/2

[Event "CCT Play-in Chessable Masters 2024"]
[Site "Online"]
[Date "2024.01.31"]
[Round "1"]
[White "LastGladiator1"]
[Black "Neiksans, Arturs"]
[Result "0-1"]
[WhiteElo "2632"]
[BlackElo "2588"]
[Annotator "RC"]
[PlyCount "84"]
[EventDate "2024.01.26"]
[EventType "swiss"]
[EventCountry "NET"]
[SourceTitle "playchess.com"]
[Source "ChessBase"]
[SourceQuality "1"]

1. e4 c5 2. Nf3 e6 3. d4 cxd4 4. Nxd4 a6 5. Bd3 Nc6 6. Nxc6 dxc6 7. O-O Qc7 8. a4 Nf6 9. a5 Bb4 10. Nd2 e5 11. Nc4 Bg4 12. f3 Be6 13. c3 Bxc4 14. cxb4 O-O-O 15. Bxc4 Rxd1 16. Rxd1 Qe7 17. Be3 Qxb4 18. Bxf7 Qe7 19. Bc4 Rd8 20. Bb6 Rxd1+ 21. Rxd1 Nd7 22. Be3 Kc7 23. b3 b5 24. axb6+ Nxb6 25. Bxa6 Qa3 26. Be2 Qxb3 27. Bc5 Qc3 28. Bf8 Nc4 29. Bxg7 Qe3+ 30. Kf1 Nd2+ 31. Rxd2 Qxd2 32. Bxe5+ Kb6 33. f4 c5 34. f5 c4 35. Bxc4 Qc1+ 36. Kf2 Qxc4 37. Ke3 Qf1 38. g3 h5 39. Kd4 Kc6 40. Bf4 Qf2+ 41. Kd3 Qxh2 42. e5 Qh3 0-1

[Event "CCT Play-in Chessable Masters 2024"]
[Site "Online"]
[Date "2024.01.31"]
[Round "1"]
[White "Durarbayli, Vasif"]
[Black "Ponkratov, Pavel"]
[Result "0-1"]
[WhiteElo "2627"]
[BlackElo "2614"]
[Annotator "RC"]
[PlyCount "76"]
[EventDate "2024.01.26"]
[EventType "swiss"]
[EventCountry "NET"]
[SourceTitle "playchess.com"]
[Source "ChessBase"]
[SourceQuality "1"]

1. e4 e6 2. d4 d5 3. e5 c5 4. c3 Nc6 5. Nf3 Bd7 6. Be2 f6 7. O-O fxe5 8. Nxe5 Nxe5 9. dxe5 Qc7 10. Re1 Ne7 11. Na3 O-O-O 12. Nb5 Bxb5 13. Bxb5 Nc6 14. Qg4 Qd7 15. Bg5 Re8 16. Rad1 h6 17. Bc1 g5 18. b4 a6 19. Ba4 b5 20. Bb3 c4 21. Bc2 Be7 22. Bg6 Ref8 23. a4 h5 24. Qe2 Bd8 25. axb5 axb5 26. Be3 Qg7 27. Bb1 Qxe5 28. Qa2 Bc7 29. g3 Kb7 30. Bc5 Qf6 31. Bxf8 Rxf8 32. Qe2 Ne5 33. Kg2 g4 34. Rf1 h4 35. Rd4 Qg5 36. Qd2 Qh5 37. Rxd5 hxg3 38. Rxb5+ Kc8 0-1

[Event "CCT Play-in Chessable Masters 2024"]
[Site "Online"]
[Date "2024.01.31"]
[Round "1"]
[White "Mishra, Abhimanyu"]
[Black "Gabrielian, Artur"]
[Result "1-0"]
[WhiteElo "2627"]
[BlackElo "2442"]
[Annotator "RC"]
[PlyCount "125"]
[EventDate "2024.01.26"]
[EventType "swiss"]
[EventCountry "NET"]
[SourceTitle "playchess.com"]
[Source "ChessBase"]
[SourceQuality "1"]

1. e4 c5 2. Nf3 d6 3. d4 cxd4 4. Nxd4 Nf6 5. Nc3 Nc6 6. Bg5 Bd7 7. Qd2 Rc8 8. O-O-O Nxd4 9. Qxd4 Qa5 10. f4 h6 11. Bxf6 gxf6 12. Kb1 Qc5 13. Qd3 f5 14. exf5 Bxf5 15. Qg3 e6 16. Bd3 a6 17. Rhe1 Be7 18. Bxf5 Qxf5 19. Qf3 Rc6 20. g4 Qc5 21. f5 d5 22. f6 Bd6 23. Rxd5 Qb6 24. Qd3 Bb4 25. Na4 Qc7 26. Re4 Be7 27. fxe7 exd5 28. Re2 Qf4 29. a3 Qxa4 30. Qxd5 Rc8 31. Rd2 f6 32. Qe6 Qc6 33. Rd6 Qxc2+ 34. Ka2 Qc4+ 35. Qxc4 Rxc4 36. Rd8+ Kxe7 37. Rxh8 Rxg4 38. Rxh6 Ke6 39. Kb3 Rd4 40. h4 Ke5 41. Rh7 b5 42. h5 Rh4 43. h6 f5 44. Rh8 Kf4 45. h7 a5 46. Kc3 Rh3+ 47. Kd4 b4 48. axb4 axb4 49. Kc4 b3 50. Kb4 Rh5 51. Kxb3 Kf3 52. Kc4 f4 53. b4 Rh6 54. b5 Rh1 55. b6 Rc1+ 56. Kd5 Rd1+ 57. Kc6 Rc1+ 58. Kb7 Rh1 59. Ka7 Ra1+ 60. Kb8 Rh1 61. b7 Rh2 62. Kc7 Rc2+ 63. Kd6 1-0

[Event "CCT Play-in Chessable Masters 2024"]
[Site "Online"]
[Date "2024.01.31"]
[Round "1"]
[White "tptagain"]
[Black "Samunenkov, Ihor"]
[Result "1-0"]
[WhiteElo "2625"]
[BlackElo "2533"]
[Annotator "RC"]
[PlyCount "131"]
[EventDate "2024.01.26"]
[EventType "swiss"]
[EventCountry "NET"]
[SourceTitle "playchess.com"]
[Source "ChessBase"]
[SourceQuality "1"]

1. e4 c6 2. d4 d5 3. e5 Bf5 4. Bd3 Bxd3 5. Qxd3 e6 6. Ne2 c5 7. c3 Nc6 8. O-O Nge7 9. Nd2 Nf5 10. Nf3 h5 11. Ng3 g6 12. Nxf5 gxf5 13. h4 cxd4 14. cxd4 Be7 15. Bg5 Kf8 16. a3 Kg7 17. b4 Bxg5 18. Nxg5 Ne7 19. Rac1 Ng6 20. g3 Rc8 21. Rc3 Rxc3 22. Qxc3 Qc8 23. Rc1 Qxc3 24. Rxc3 Re8 25. b5 Re7 26. f4 Rd7 27. a4 b6 28. Kf2 Ne7 29. Ke3 Kg8 30. Kd2 Kg7 31. Nf3 Kf8 32. Rc2 Rb7 33. Ng5 Kg7 34. Rc1 Rd7 35. Nf3 Kf8 36. Ne1 Ke8 37. Rc2 Rb7 38. Rc3 Rd7 39. Nd3 Kd8 40. a5 Rc7 41. axb6 axb6 42. Rxc7 Kxc7 43. Ne1 Nc8 44. Kc3 Kd7 45. Nf3 Ke7 46. Ng5 Kf8 47. Nh7+ Kg7 48. Nf6 Kg6 49. Kb4 Ne7 50. Nd7 Nc8 51. Ka4 Kg7 52. Kb3 Kg6 53. Kb4 Kg7 54. Kb3 Kg6 55. Ka3 Kh6 56. Kb4 Kg7 57. Nf6 Kg6 58. Kb3 Kh6 59. Ka4 Kg6 60. Kb4 Kh6 61. Ne8 Kg6 62. Ka4 Kh7 63. Nd6 Ne7 64. Nxf7 Ng6 65. Ng5+ Kg7 66. Nxe6+ 1-0

[Event "CCT Play-in Chessable Masters 2024"]
[Site "Online"]
[Date "2024.01.31"]
[Round "1"]
[White "Rakhmanov_Aleksandr"]
[Black "SpeedofLight0"]
[Result "0-1"]
[WhiteElo "2621"]
[BlackElo "2461"]
[Annotator "RC"]
[PlyCount "116"]
[EventDate "2024.01.26"]
[EventType "swiss"]
[EventCountry "NET"]
[SourceTitle "playchess.com"]
[Source "ChessBase"]
[SourceQuality "1"]

1. c4 Nf6 2. Nc3 c5 3. Nf3 Nc6 4. e3 e6 5. d4 d5 6. a3 a6 7. dxc5 Bxc5 8. b4 Be7 9. Bb2 O-O 10. Be2 dxc4 11. Bxc4 b5 12. Bd3 Bb7 13. O-O Rc8 14. Qe2 Qc7 15. Rac1 Qb8 16. Ne4 Nxe4 17. Bxe4 Rfd8 18. h4 h6 19. Bb1 Bd6 20. h5 Ne5 21. Rxc8 Rxc8 22. Nxe5 Bxe5 23. Rd1 Qc7 24. Bxe5 Qxe5 25. Qd3 Qg5 26. g3 f5 27. Qd7 Qxh5 28. e4 Re8 29. Rd6 Qf7 30. Qxf7+ Kxf7 31. Rb6 Re7 32. Kf1 fxe4 33. Ke2 Kf6 34. Rd6 Rc7 35. Kd2 Ke7 36. Rb6 Kf6 37. Ba2 Re7 38. Bxe6 Rxe6 39. Rxb7 g5 40. Ke3 Kf5 41. Rh7 Kg4 42. Rh8 h5 43. Rh7 Rf6 44. Rg7 Rf3+ 45. Ke2 Rxa3 46. Rg6 Ra4 47. Re6 Kf5 48. Rh6 Kg4 49. Re6 Rxb4 50. Rxa6 Rb2+ 51. Ke3 Rb3+ 52. Ke2 e3 53. fxe3 Kxg3 54. Rf6 h4 55. e4 h3 56. e5 h2 57. Rh6 Rb4 58. Ke3 Rh4 0-1

[Event "CCT Play-in Chessable Masters 2024"]
[Site "Online"]
[Date "2024.01.31"]
[Round "1"]
[White "Santos Latasa, Jaime"]
[Black "Petrosyan, Manuel"]
[Result "1-0"]
[WhiteElo "2615"]
[BlackElo "2627"]
[Annotator "RC"]
[PlyCount "135"]
[EventDate "2024.01.26"]
[EventType "swiss"]
[EventCountry "NET"]
[SourceTitle "playchess.com"]
[Source "ChessBase"]
[SourceQuality "1"]

1. e4 e5 2. Nf3 Nc6 3. Bc4 Bc5 4. d3 Nf6 5. Be3 Bxe3 6. fxe3 d6 7. O-O O-O 8. a4 Ne7 9. Nc3 Ng6 10. Qe1 c6 11. a5 d5 12. exd5 cxd5 13. Bb3 h6 14. Nh4 Nxh4 15. Qxh4 Be6 16. d4 e4 17. h3 a6 18. Ne2 Ne8 19. Qxd8 Rxd8 20. Nf4 Nc7 21. Rfc1 g5 22. Nxe6 fxe6 23. Ra4 Rc8 24. c4 Nb5 25. Rc2 Nd6 26. cxd5 Rxc2 27. Bxc2 exd5 28. Bb3 Rf5 29. g4 Rf3 30. Bxd5+ Kf8 31. Ra3 Rxh3 32. Kg2 Rh4 33. Kg3 Rh1 34. Rb3 Ra1 35. Rb6 Ke7 36. Bxb7 Rxa5 37. Bxa6 Ra1 38. Be2 Re1 39. Kf2 Rc1 40. b4 Rc2 41. Ke1 Rb2 42. b5 Rb3 43. Kf2 Rb2 44. Ra6 Ke6 45. Rc6 Kd7 46. Rc5 Ke6 47. Ke1 Rb1+ 48. Kd2 Rb2+ 49. Kd1 Rb3 50. Re5+ Kd7 51. Kd2 Rb2+ 52. Ke1 Rb3 53. Kf2 Rb2 54. Rc5 Rb1 55. Rc6 Nxb5 56. Rxh6 Nc3 57. Bc4 Rb2+ 58. Ke1 Ke7 59. Rg6 Rg2 60. Rxg5 Kf6 61. Rf5+ Kg6 62. Rf4 Kg5 63. d5 Na4 64. d6 Nb6 65. Be6 Rc2 66. Rxe4 Rc6 67. d7 Rd6 68. Rd4 1-0

[Event "CCT Play-in Chessable Masters 2024"]
[Site "Online"]
[Date "2024.01.31"]
[Round "1"]
[White "Martinez Alcantara, Jose Eduardo"]
[Black "Gharibyan, Mamikon"]
[Result "1-0"]
[WhiteElo "2610"]
[BlackElo "2504"]
[Annotator "RC"]
[PlyCount "81"]
[EventDate "2024.01.26"]
[EventType "swiss"]
[EventCountry "NET"]
[SourceTitle "playchess.com"]
[Source "ChessBase"]
[SourceQuality "1"]

1. e4 e5 2. Nf3 Nc6 3. Nc3 Nf6 4. h3 d5 5. exd5 Nxd5 6. Bb5 Nxc3 7. bxc3 Bd6 8. O-O O-O 9. d4 exd4 10. cxd4 Qf6 11. c4 h6 12. Bb2 a6 13. Ba4 Bf5 14. Qd2 b5 15. cxb5 axb5 16. Bxb5 Nb4 17. d5 Qg6 18. Nh4 Qh5 19. Nxf5 Qxf5 20. a4 Nxd5 21. Rad1 Nf4 22. Qc3 Qg6 23. Qf3 Rab8 24. Bc1 Ne6 25. Bd3 Ng5 26. Qg4 f5 27. Qc4+ Kh7 28. Bxg5 Qxg5 29. a5 Rb4 30. Qd5 Rh4 31. Rfe1 Rxh3 32. a6 Rh2 33. Qf3 h5 34. a7 h4 35. Bf1 Qg4 36. Qxg4 fxg4 37. Rxd6 g3 38. fxg3 hxg3 39. Rd3 Rh4 40. Ra1 Rf6 41. Rxg3 1-0

[Event "CCT Play-in Chessable Masters 2024"]
[Site "Online"]
[Date "2024.01.31"]
[Round "1"]
[White "Demchenko, Anton"]
[Black "Salgado Lopez, Ivan"]
[Result "1/2-1/2"]
[WhiteElo "2609"]
[BlackElo "2608"]
[Annotator "RC"]
[PlyCount "68"]
[EventDate "2024.01.26"]
[EventType "swiss"]
[EventCountry "NET"]
[SourceTitle "playchess.com"]
[Source "ChessBase"]
[SourceQuality "1"]

1. e4 e6 2. d3 d5 3. Nd2 Nf6 4. e5 Nfd7 5. f4 c5 6. Ndf3 f6 7. exf6 Qxf6 8. Nh3 Nc6 9. g3 Bd6 10. Bg2 O-O 11. O-O b5 12. c3 Qe7 13. Bd2 Nb6 14. Qe2 Bd7 15. Rae1 h6 16. Nh4 Rf6 17. Nf2 Be8 18. Ng4 Rf8 19. Qxe6+ Qxe6 20. Rxe6 Rd8 21. Ng6 Bxg6 22. Rxg6 Kf7 23. f5 Rfe8 24. Bh3 h5 25. Ne3 Ne5 26. Rg5 Nxd3 27. Rxh5 c4 28. Ng4 Re2 29. Bg5 Bc5+ 30. Kh1 Rde8 31. Rh7 Kg8 32. Rh5 Kf7 33. Rh7 Kg8 34. Rh5 Kf7 1/2-1/2

[Event "CCT Play-in Chessable Masters 2024"]
[Site "Online"]
[Date "2024.01.31"]
[Round "1"]
[White "Mendonca, Leon Luke"]
[Black "Sadhwani, Raunak"]
[Result "0-1"]
[WhiteElo "2608"]
[BlackElo "2654"]
[Annotator "TA"]
[PlyCount "102"]
[EventDate "2024.01.26"]
[EventType "swiss"]
[EventCountry "NET"]
[SourceTitle "playchess.com"]
[Source "ChessBase"]
[SourceQuality "1"]

1. Nf3 Nf6 2. b4 e6 3. a3 a5 4. b5 d5 5. e3 Bd6 6. Bb2 O-O 7. c4 dxc4 8. Bxc4 Nbd7 9. d4 b6 10. O-O Bb7 11. Nbd2 Qe7 12. Be2 c6 13. bxc6 Bxc6 14. a4 Bb4 15. Bd3 Rfc8 16. e4 Bb7 17. Qe2 Rc7 18. Rfd1 Rac8 19. Nf1 Bc3 20. Ba3 Bb4 21. Bc1 h6 22. Ng3 Nh7 23. h4 Nhf8 24. h5 Bd6 25. Nf1 Bb4 26. Bf4 Rc3 27. Ng3 Nf6 28. d5 Ng4 29. Nd4 Qh4 30. Nb5 Bc5 31. Nh1 Rxd3 32. Rxd3 Nxf2 33. Nxf2 Qxf4 34. Rf1 Rd8 35. Qf3 Qh4 36. Nd4 exd5 37. Nf5 Qf6 38. Kh1 Nd7 39. Ng4 Qg5 40. exd5 Ba6 41. Rfd1 Bxd3 42. Rxd3 Qxh5+ 43. Nh2 Qg5 44. Rd1 Nf6 45. d6 g6 46. Ne7+ Kg7 47. Nd5 Rxd6 48. Nxf6 Qxf6 49. Qe2 Rxd1+ 50. Qxd1 Qh4 51. Qa1+ Bd4 0-1

[Event "CCT Play-in Chessable Masters 2024"]
[Site "Online"]
[Date "2024.01.31"]
[Round "1"]
[White "Dreev, Aleksey"]
[Black "Sanal, Vahap"]
[Result "1/2-1/2"]
[WhiteElo "2606"]
[BlackElo "2567"]
[Annotator "RC"]
[PlyCount "120"]
[EventDate "2024.01.26"]
[EventType "swiss"]
[EventCountry "NET"]
[SourceTitle "playchess.com"]
[Source "ChessBase"]
[SourceQuality "1"]

1. d4 d6 2. e4 Nf6 3. f3 e6 4. c4 c5 5. d5 exd5 6. cxd5 Be7 7. Nc3 O-O 8. Bd3 Ne8 9. Nge2 f5 10. exf5 Bxf5 11. Bxf5 Rxf5 12. O-O Nc7 13. Ng3 Rf8 14. Qb3 Nba6 15. Bd2 Rb8 16. a4 Bf6 17. Nce4 Bd4+ 18. Kh1 Kh8 19. Bc3 Bxc3 20. bxc3 Qd7 21. f4 Ne8 22. Ng5 Nac7 23. f5 Nf6 24. Ne6 Ncxd5 25. Nxf8 Rxf8 26. Rae1 Qf7 27. Ne4 Nxe4 28. Rxe4 h6 29. h3 Kg8 30. a5 b6 31. Rd1 Nf6 32. Qxf7+ Rxf7 33. Re6 d5 34. axb6 axb6 35. Rxb6 Ra7 36. Rxf6 gxf6 37. Rxd5 Rc7 38. c4 h5 39. Kg1 Kg7 40. Kf2 Kh6 41. h4 Ra7 42. Rxc5 Rc7 43. Rd5 Rxc4 44. g3 Rc7 45. Ke3 Re7+ 46. Kf4 Rd7 47. Ke4 Re7+ 48. Kd4 Re1 49. Rd6 Kg7 50. Re6 Rf1 51. Ke4 Re1+ 52. Kd5 Rd1+ 53. Ke4 Re1+ 54. Kd4 Rd1+ 55. Ke4 Kf7 56. Ra6 Re1+ 57. Kf4 Rf1+ 58. Ke4 Re1+ 59. Kf4 Rf1+ 60. Ke4 Re1+ 1/2-1/2

[Event "CCT Play-in Chessable Masters 2024"]
[Site "Online"]
[Date "2024.01.31"]
[Round "1"]
[White "frederiksvane"]
[Black "Ohanyan, Emin"]
[Result "0-1"]
[WhiteElo "2606"]
[BlackElo "2456"]
[Annotator "RC"]
[PlyCount "160"]
[EventDate "2024.01.26"]
[EventType "swiss"]
[EventCountry "NET"]
[SourceTitle "playchess.com"]
[Source "ChessBase"]
[SourceQuality "1"]

1. e4 c5 2. Nf3 e6 3. Be2 Nc6 4. O-O Nf6 5. Nc3 Qb6 6. Re1 Be7 7. e5 Ng4 8. Bb5 f6 9. exf6 Nxf6 10. Bxc6 bxc6 11. b3 O-O 12. d3 d6 13. Nd2 e5 14. Nc4 Qc7 15. Bd2 Bg4 16. f3 Bh5 17. Qe2 Nd5 18. Qf2 Qd7 19. Ne4 Nf4 20. Rf1 Qe6 21. Rae1 Bg6 22. Nc3 Rf7 23. Ne2 Nd5 24. Qg3 Raf8 25. f4 Qf5 26. Ne3 Qh5 27. Qf3 Nxf4 28. Nxf4 Qxf3 29. Rxf3 Rxf4 30. Rxf4 Rxf4 31. Nd5 Rf7 32. Nxe7+ Rxe7 33. Rf1 h6 34. h3 Bf7 35. Kh2 Kf8 36. g4 Ke8 37. Kg3 Kd7 38. Re1 Ke6 39. Re2 Re8 40. h4 h5 41. gxh5 Bxh5 42. Rf2 Rb8 43. Kh3 Rg8 44. Kg3 Rh8 45. Bg5 Ra8 46. Bd2 Bd1 47. Bg5 Re8 48. Rd2 Bh5 49. Rf2 Kd5 50. Be3 Ke6 51. Bg5 a6 52. Be3 Rb8 53. Bd2 Bf7 54. Bg5 Rb4 55. Bd2 Rb7 56. Bg5 Rd7 57. Bd2 Rd8 58. Bg5 Ra8 59. Be3 Bg8 60. Bg5 Bh7 61. Re2 Rf8 62. Rf2 Rb8 63. Re2 Bf5 64. Bd2 Rb7 65. Rf2 g6 66. Re2 Kd5 67. Be3 Rb4 68. c4+ Ke6 69. d4 cxd4 70. Bxd4 c5 71. Bc3 Rb8 72. Rd2 Ra8 73. Re2 Rf8 74. Rf2 Rg8 75. Bd2 Rd8 76. Rf3 d5 77. cxd5+ Rxd5 78. Bc3 Rd1 79. Re3 e4 80. Re2 Rd3+ 0-1

[Event "CCT Play-in Chessable Masters 2024"]
[Site "Online"]
[Date "2024.01.31"]
[Round "1"]
[White "Antipov, Mikhail Al."]
[Black "Aditya Mittal"]
[Result "1-0"]
[WhiteElo "2604"]
[BlackElo "2588"]
[Annotator "RC"]
[PlyCount "137"]
[EventDate "2024.01.26"]
[EventType "swiss"]
[EventCountry "NET"]
[SourceTitle "playchess.com"]
[Source "ChessBase"]
[SourceQuality "1"]

1. e4 e5 2. Nf3 Nc6 3. Nc3 Nf6 4. h3 Bb4 5. Bd3 O-O 6. O-O d6 7. Ne2 Nxe4 8. c3 Nf6 9. cxb4 e4 10. Bxe4 Nxe4 11. d3 Nf6 12. Bg5 Nxb4 13. Nf4 h6 14. Bh4 c6 15. Qd2 Nbd5 16. Nxd5 cxd5 17. Rae1 Bf5 18. Re3 Bh7 19. Rfe1 d4 20. Nxd4 g5 21. Re7 Qb6 22. Nf3 Qb5 23. Bg3 Qxd3 24. Qxd3 Bxd3 25. Rd1 Be4 26. Rxd6 Rfe8 27. Rxe8+ Nxe8 28. Rxh6 f6 29. h4 g4 30. Nh2 Bf5 31. Bf4 Rd8 32. f3 Rd4 33. Be3 Rd3 34. fxg4 Be4 35. Kf2 Kg7 36. g5 Bf5 37. g4 Be4 38. Nf1 fxg5 39. hxg5 Nd6 40. Ng3 Bg6 41. Ke2 Rd5 42. Bf4 Nf7 43. Rh2 Rb5 44. Ke3 Rb4 45. Nf5+ Kg8 46. Ne7+ Kg7 47. Nf5+ Kg8 48. Rd2 Rb5 49. Ne7+ Kg7 50. b3 a5 51. Rd7 a4 52. bxa4 Ra5 53. Rxb7 Rxa4 54. Nf5+ Kg8 55. Nh6+ Kg7 56. Be5+ Kf8 57. Bf6 Re4+ 58. Kf3 Re8 59. Nf5 Ra8 60. Be7+ Kg8 61. a3 Ne5+ 62. Kf4 Nf7 63. Bb4 Rd8 64. a4 Rd1 65. a5 Rf1+ 66. Ke4 Nd6+ 67. Bxd6 Re1+ 68. Kf4 Rf1+ 69. Ke5 1-0

[Event "CCT Play-in Chessable Masters 2024"]
[Site "Online"]
[Date "2024.01.31"]
[Round "1"]
[White "Safarli, Eltaj"]
[Black "stSecond"]
[Result "0-1"]
[WhiteElo "2604"]
[BlackElo "2521"]
[Annotator "RC"]
[PlyCount "130"]
[EventDate "2024.01.26"]
[EventType "swiss"]
[EventCountry "NET"]
[SourceTitle "playchess.com"]
[Source "ChessBase"]
[SourceQuality "1"]

1. e4 c5 2. Nf3 Nc6 3. Bb5 g6 4. O-O Bg7 5. Nc3 e5 6. Bc4 Nge7 7. Nb5 d6 8. Ng5 O-O 9. Qf3 d5 10. exd5 Na5 11. d3 a6 12. Nc3 Nf5 13. Nge4 Nd4 14. Qd1 b5 15. Bb3 c4 16. dxc4 bxc4 17. Ba4 f5 18. Bg5 Qb6 19. Nd2 Qxb2 20. Ne2 Qa3 21. Bc6 Ndxc6 22. dxc6 Be6 23. c7 Rac8 24. Rb1 Rxc7 25. Rb6 Rc6 26. Qb1 h6 27. Rxc6 Nxc6 28. Qb6 Bd5 29. Be3 Rb8 30. Qc7 Qe7 31. Qxe7 Nxe7 32. Nc3 Be6 33. Na4 a5 34. Nb6 c3 35. Nb3 Nc6 36. Rd1 Nd4 37. Bxd4 exd4 38. Na4 Bxb3 39. axb3 Rxb3 40. Kf1 Ra3 41. Nc5 Ra2 42. Rc1 a4 43. Ke2 Bf8 44. Ne6 Ba3 45. Rd1 Rxc2+ 46. Kd3 Rxf2 47. Nxd4 Bc5 48. Nb5 c2 49. Ra1 Rxg2 50. Nc3 Rg1 51. Rxg1 Bxg1 52. Kxc2 Bxh2 53. Nxa4 Kf7 54. Kd3 Bd6 55. Nb6 Ke6 56. Nc4 g5 57. Ke3 g4 58. Kf2 f4 59. Nd2 Bc5+ 60. Kg2 Kd5 61. Nf1 Be3 62. Nh2 h5 63. Nf1 Ke4 64. Nh2 Kd3 65. Nxg4 hxg4 0-1

[Event "CCT Play-in Chessable Masters 2024"]
[Site "Online"]
[Date "2024.01.31"]
[Round "1"]
[White "Micki-taryan"]
[Black "Sattarov, Bobir"]
[Result "1/2-1/2"]
[WhiteElo "2603"]
[BlackElo "2351"]
[Annotator "RC"]
[PlyCount "92"]
[EventDate "2024.01.26"]
[EventType "swiss"]
[EventCountry "NET"]
[SourceTitle "playchess.com"]
[Source "ChessBase"]
[SourceQuality "1"]

1. d4 Nf6 2. c4 g6 3. Nf3 Bg7 4. g3 c5 5. Nc3 O-O 6. d5 d6 7. Bg2 e6 8. O-O exd5 9. cxd5 Re8 10. Nd2 Nbd7 11. h3 a6 12. a4 Rb8 13. a5 Nh5 14. Nc4 Ne5 15. Nb6 f5 16. e4 fxe4 17. Nxc8 Rxc8 18. Nxe4 Nf7 19. Re1 Rc7 20. Ra3 Rce7 21. Qa4 Bd4 22. g4 Nf6 23. Nxf6+ Bxf6 24. Rae3 Rxe3 25. Rxe3 Rxe3 26. Bxe3 Bxb2 27. g5 Bd4 28. Bxd4 cxd4 29. h4 d3 30. Bh3 d2 31. Be6 Qc7 32. Kg2 Kf8 33. Qd4 Qc2 34. Qf4 Qc7 35. Qxd2 Qc4 36. f4 Qe4+ 37. Kg3 Nd8 38. Bg4 Nf7 39. Bf3 Qb1 40. Qe3 Qa1 41. h5 Qxa5 42. h6 Qa1 43. Bg2 a5 44. Qe6 Qc3+ 45. Kg4 a4 46. Bf1 Qc5 1/2-1/2

[Event "CCT Play-in Chessable Masters 2024"]
[Site "Online"]
[Date "2024.01.31"]
[Round "1"]
[White "Fandorine"]
[Black "Gavrilescu, David"]
[Result "0-1"]
[WhiteElo "2601"]
[BlackElo "2523"]
[Annotator "RC"]
[PlyCount "77"]
[EventDate "2024.01.26"]
[EventType "swiss"]
[EventCountry "NET"]
[SourceTitle "playchess.com"]
[Source "ChessBase"]
[SourceQuality "1"]

1. c4 e6 2. Nf3 d5 3. g3 Nf6 4. Bg2 Be7 5. O-O O-O 6. d4 dxc4 7. Qc2 b5 8. Ne5 Nd5 9. a4 c6 10. Nc3 f6 11. Nf3 b4 12. Ne4 Ba6 13. Nc5 Bxc5 14. dxc5 b3 15. Qd2 Nd7 16. e4 Ne7 17. Qd6 Re8 18. Qxe6+ Kh8 19. Be3 Nf8 20. Qd6 c3 21. bxc3 Bxf1 22. Bxf1 Qa5 23. Qd4 Rab8 24. Rb1 Neg6 25. h4 h6 26. Rb2 Qd8 27. h5 Ne5 28. Nxe5 fxe5 29. Qc4 Qd1 30. Kg2 Qxh5 31. Rxb3 Rxb3 32. Qxb3 Nh7 33. Qb7 Rf8 34. Qxc6 Ng5 35. Bxg5 Qf3+ 36. Kh2 Qxf2+ 37. Bg2 hxg5 38. Kh3 g4+ 39. Kh4 0-1

[Event "CCT Play-in Chessable Masters 2024"]
[Site "Online"]
[Date "2024.01.31"]
[Round "1"]
[White "rasmussvane"]
[Black "Dronavalli, Harika"]
[Result "1/2-1/2"]
[WhiteElo "2599"]
[BlackElo "2500"]
[Annotator "RC"]
[PlyCount "70"]
[EventDate "2024.01.26"]
[EventType "swiss"]
[EventCountry "NET"]
[SourceTitle "playchess.com"]
[Source "ChessBase"]
[SourceQuality "1"]

1. d4 d5 2. Nf3 Nf6 3. Bf4 Bf5 4. e3 e6 5. Nbd2 Bd6 6. Ne5 O-O 7. Be2 Nbd7 8. g4 Bg6 9. h4 h6 10. g5 hxg5 11. hxg5 Ne4 12. Bd3 Bxe5 13. dxe5 Nxd2 14. Kxd2 Re8 15. Qg4 c5 16. Rh3 Qa5+ 17. Ke2 Bxd3+ 18. cxd3 g6 19. Rah1 Kf8 20. Rh7 Ke7 21. Rxf7+ Kxf7 22. Rh7+ Kg8 23. Rxd7 Qb5 24. Rd6 Qxb2+ 25. Kf3 Qb1 26. Qh3 Qd1+ 27. Kg2 Qh5 28. Qxh5 gxh5 29. Rd7 Red8 30. Rxb7 Rdb8 31. Re7 Re8 32. Rc7 Rec8 33. Re7 Re8 34. Rb7 Reb8 35. Re7 Re8 1/2-1/2

[Event "CCT Play-in Chessable Masters 2024"]
[Site "Online"]
[Date "2024.01.31"]
[Round "1"]
[White "Jumabayev, Rinat"]
[Black "Kravtsiv, Martyn"]
[Result "0-1"]
[WhiteElo "2598"]
[BlackElo "2598"]
[Annotator "RC"]
[PlyCount "108"]
[EventDate "2024.01.26"]
[EventType "swiss"]
[EventCountry "NET"]
[SourceTitle "playchess.com"]
[Source "ChessBase"]
[SourceQuality "1"]

1. Nf3 d5 2. g3 Nf6 3. Bg2 e6 4. O-O Be7 5. d3 O-O 6. Nbd2 Nc6 7. c3 b6 8. Re1 h6 9. b4 Bb7 10. Bb2 a5 11. a3 axb4 12. cxb4 Na7 13. Qb3 c5 14. bxc5 Bxc5 15. Bd4 Nd7 16. Qb2 Bxd4 17. Nxd4 Nc6 18. N2f3 Nxd4 19. Nxd4 Qe7 20. a4 Rfc8 21. a5 Ra6 22. Rec1 Qd8 23. Rxc8 Qxc8 24. Rc1 Qd8 25. Bh3 Rxa5 26. Bxe6 fxe6 27. Nxe6 Qe7 28. Nxg7 Qxg7 29. Qxg7+ Kxg7 30. Rc7 Ba8 31. Rxd7+ Kf8 32. Rd6 b5 33. Rxh6 Ke7 34. h4 d4 35. f3 Kd7 36. h5 Bc6 37. Rg6 Ra8 38. Rg4 Kd6 39. Rxd4+ Kc5 40. Rf4 b4 41. Rc4+ Kb5 42. Kf2 b3 43. Rc1 Bd5 44. g4 Kb4 45. e4 Bg8 46. g5 b2 47. Rb1 Kc3 48. g6 Ra1 49. Rxb2 Kxb2 50. f4 Kc3 51. f5 Kxd3 52. e5 Ke4 53. e6 Kxf5 54. e7 Ra8 0-1